| 000 | 00530nam a22001577a 4500 | ||
|---|---|---|---|
| 020 | _qHard Cover. | ||
| 082 | _a620.005 | ||
| 100 | _aKhalid, Adnan | ||
| 245 |
_aScope of Cloud Computing using Supply Chain Management for SMEs of Pakistan / _cAdnan Khalid, |
||
| 260 |
_aIslamabad : _bCEME - NUST, _c2013. |
||
| 300 |
_axii, 87 p. : ill. ; _c30cm. |
||
| 650 |
_aEngineering Management-MS-Thesis. _916065 |
||
| 700 |
_aDr. Akhtar Nawaz Malik. _916099 |
||
| 942 |
_2ddc _cTHE |
||
| 999 |
_c537885 _d537885 |
||